Geography Quiz

Random Geography or Blitz Quiz

Asian Country Letter Pair Blitz Quiz Stats

 Plays Quiz Updated Jun 2, 2016

Challenge
Share
Tweet
Embed
Score 0/10 Timer 01:30
2 Plays Today
% Correct
Laos
93.4%
Japan
93.3%
China
92.3%
Cambodia
87.9%
Uzbekistan
86.5%
Nepal
83.1%
Jordan
77.4%
Lebanon
70%
North Korea
67.4%
UAE
63.4%

You're not logged in!

Compare scores with friends on all Sporcle quizzes.
Join for Free
OR
Log In

You Might Also Like...

Show Comments

Extras

Top Quizzes Today


Score Distribution

Your Account Isn't Verified!

In order to create a playlist on Sporcle, you need to verify the email address you used during registration. Go to your Sporcle Settings to finish the process.

Report this User

Report this user for behavior that violates our Community Guidelines.

Details: